Countries Producing the Most Celery - Statistics

General Stats
  • This quiz has been taken 9 times
  • The average score is 17 of 20
Answer Stats
Thousand Metric Tons Country % Correct
0.13 Finland
100%
16.98 France
100%
97.77 Italy
100%
5.20 Poland
100%
0.94 Portugal
100%
114.90 Spain
100%
1.01 Sweden
100%
1.71 Switzerland
100%
54.20 United Kingdom
100%
20.74 Belgium
88%
14.08 Germany
88%
4.33 Ireland
88%
4.54 Netherlands
88%
1.07 Norway
88%
4.12 Greece
75%
2.00 Turkey
75%
0.33 Lithuania
63%
0.01 Luxembourg
63%
0.55 Cyprus
25%
0.65 Slovenia
25%
No matching quizzes found
Score Distribution
Percent of People with Each Score
Percentile by Number Answered
Your Score History
You have not taken this quiz